00537nam a22001697a 450000500170000001000150001702000260003203500130005803700130007108200100008410000240009424500730011826000330019127000680022430000250029250000500031720141204121244.0 aENG-111137 c695.00a9789382420637 aEN-94669 bDBAD/PUB a121.8 aSarkar, Bijay Kumar aIs-ought dichotomy :ba critical reflection /cby Bijay Kumar Sarkar aNew DelhibKunal Booksc2014 bNew Delhie110002a4648/21, First Floor, Ansari Road, Daryaganj aviii,189p.c23cm(Hb) aIncludes bibliographical references and index